Great Organ Classics

Bibliographic Details
Other Authors: Valach, Ján, 1925-2019
Format: Book
Language:Multiple languages
PhysicalDescription:1 gramofónová platňa stereo
Published: B.m. EMI Belgium 1981
Subjects:

MARC

LEADER 00000nam a2200000 a 4500
001 vtls001223541
003 SK-MaSNL
005 20260301154614.0
008 210928s1981 BE 0 mul
035 |a SNK000169682 
040 |a SNK  |b slo  |c SNK  |e AACR2 
044 |a BE 
080 |a 785.7:786.6(086.7)  |2 1981 
080 |a 786.6  |2 1981 
245 1 |a Great Organ Classics  |h zvukový dokument 
260 |a B.m.  |b EMI Belgium  |c 1981 
300 |a 1 gramofónová platňa  |b stereo 
505 0 |a Obsahuje 6 diel 
511 0 |a Ján Valach, organ 
650 0 7 |a komorná hudba  |2 SNKPH  |9 3431 
650 0 7 |a hudba pre organ  |2 SNKPH  |9 3374 
655 7 |a gramofónové platne  |2 SNK  |9 74608 
700 1 |a Valach, Ján,  |d 1925-2019  |9 48838 
958 |a OND 
999 |c 797439  |d 799369 
952 |t P65, <07>, [BOOK], {657}  |a SNK  |b SNK  |y PREZ  |7 0  |p 17A0007781  |o snkSV 4827  |i snkJK 343/96  |0 0  |1 0  |4 0  |d 1996-11-19  |l 0  |r 2005-01-01 00:00:00  |w 2026-02-24